| 000 | 01215cam a2200349 a 4500 | ||
|---|---|---|---|
| 001 | 16600558 | ||
| 005 | 20170105102848.0 | ||
| 008 | 110106s2010 pk b 001 0deng | ||
| 010 | _a 2010344877 | ||
| 020 | _a9789694948010 | ||
| 025 | _aP-E-2010344877; 29 | ||
| 037 |
_bLibrary of Congress -- Islamabad Overseas Office _cRs. 495.00 |
||
| 040 |
_aDLC _cDLC |
||
| 042 | _alcode | ||
| 043 | _aa-pk--- | ||
| 050 | 0 | 0 |
_aDS385.J5 _bK37 2010 |
| 082 | _a954.91 | ||
| 100 | 0 | _aSaleena Karim | |
| 245 | 1 |
_aSecular Jinnah & Pakistan : _bwhat the nation doesn't know / _cSaleena Karim. |
|
| 246 | 3 | _aSecular Jinnah and Pakistan | |
| 260 |
_aKarachi : _bParamount Publishing Enterprise, _c2010. |
||
| 300 |
_ax, 317 p. ; _c25 cm. |
||
| 500 | _aSequel to: Secular Jinnah : Munir's big hoax exposed. | ||
| 504 | _aIncludes bibliographical references (p. [293]-300) and index. | ||
| 600 | 1 | 0 |
_aJinnah, Mahomed Ali, _d1876-1948 _xPolitical and social views. |
| 600 | 1 | 0 |
_aJinnah, Mahomed Ali, _d1876-1948 _xReligion. |
| 650 | 0 |
_aPakistan _xPolitics and government. |
|
| 650 | 0 |
_aPakistan _xHistory. |
|
| 906 |
_a7 _bcbc _corigode _d3 _encip _f20 _gy-gencatlg |
||
| 942 |
_2ddc _cBK |
||
| 999 |
_c14169 _d14169 |
||